[Event "EU-ch U20 Girls"]
[Site "Tapolca"]
[Date "1996.??.??"]
[Round "3"]
[White "Werner, Veronika"]
[Black "Hagarova, Zuzana"]
[Result "0-1"]
[WhiteElo "2205"]
[BlackElo "2295"]

1.e4 e6 2.d4 d5 3.Nc3 Nf6 4.e5 Nfd7 5.f4 c5 6.Nf3 Nc6 7.Be3 a6 8.Qd2 b5 9.dxc5 Bxc5
10.Bxc5 Nxc5 11.Qf2 Qb6 12.Bd3 b4 13.Ne2 a5 14.O-O Ba6 15.Kh1 Bxd3 16.cxd3 Qb5
17.d4 Nd3 18.Qg3 g6 19.f5 gxf5 20.Qg7 O-O-O 21.Qxf7 Rde8 22.b3 Kb8 23.Qf6 Rhg8
24.Rad1 Re7 25.g3 Rge8 26.Rd2 f4 27.Kg2 fxg3 28.hxg3 Nd8 29.Rfd1 Rf7 30.Qh6 Ref8
31.Neg1 Nf4+ 32.gxf4 Rxf4 33.Kf2 R8f7 34.Rc1 Qb6 35.Rcd1 Qb5 36.Qg5 Nc6 37.Qg8+ Kb7
38.Kg2 Qb6 39.Rd3 Qc7 40.Kf2 Rg7 41.Qe8 Rfg4 42.Kf1 R4g6 43.Qf8 Ne7 44.Qe8 Nc6
45.Qf8 Ne7 46.Qf4 Nf5 47.Qc1 Qf7 48.Ke1 Rxg1+ 49.Nxg1 Rxg1+ 50.Kf2 Nxd4+
51.Kxg1 Ne2+ 52.Kg2 Qg6+ 53.Kf2 Nxc1 54.R3d2 Qf5+  0-1

[Event "Tapolca (Women)"]
[Site "Tapolca"]
[Date "1996.??.??"]
[Round "8"]
[White "Kiss, Fernanda"]
[Black "Macek, Vlasta"]
[Result "1/2-1/2"]
[WhiteElo "2160"]
[BlackElo "2250"]

1.e4 e6 2.d4 d5 3.Nc3 Nf6 4.e5 Nfd7 5.f4 a6 6.Nf3 c5 7.Be3 Nc6 8.dxc5 Bxc5
9.Bxc5 Nxc5 10.Qd2 b5 11.Qf2 Qb6 12.Bd3 b4 13.Ne2 a5 14.O-O Ba6 15.Rad1 Na4
16.Qxb6 Nxb6 17.Ned4 Nxd4 18.Nxd4 g6 19.g4 O-O 20.Rf3 Na4 21.Rb1 Nc5 22.Kf2  1/2-1/2

[Event "EU-ch U20 Girls"]
[Site "Tapolca"]
[Date "1996.??.??"]
[Round "9"]
[White "Kouwenhoven, Marisca"]
[Black "Hagarova, Zuzana"]
[Result "0-1"]
[WhiteElo "2120"]
[BlackElo "2295"]

1.e4 e6 2.d4 d5 3.Nc3 Nf6 4.e5 Nfd7 5.f4 c5 6.Nf3 Nc6 7.Be3 cxd4 8.Nxd4 Bc5
9.Qd2 a6 10.O-O-O O-O 11.h4 Bxd4 12.Bxd4 b5 13.Rh3 Qa5 14.Kb1 b4 15.Ne2 Nc5
16.Ng3 Nxd4 17.Qxd4 Rb8 18.Nh5 Ne4 19.Ka1 Bb7 20.Qe3 Rbc8 21.Bd3 d4 22.Qe2 Bd5
23.c4 bxc3 24.b3 c2 25.Bxc2 Nc3 26.Bxh7+ Kh8 27.Qd2 Bxb3 28.Bb1 Bxd1 29.Qd3 Nxb1
30.Qxd1 Nc3 31.Qd2 Rb8 32.Rh1 Qb4 33.Qc2 d3  0-1

[Event "CRO-chT"]
[Site "Tucepi"]
[Date "1996.??.??"]
[Round "?"]
[White "Zelic, Marina"]
[Black "Svaljek, Radmila"]
[Result "1/2-1/2"]
[WhiteElo "2040"]
[BlackElo "2130"]

1.e4 e6 2.d4 d5 3.Nc3 Nf6 4.e5 Nfd7 5.f4 a6 6.Nf3 c5 7.Be3 Nc6 8.Qd2 cxd4
9.Nxd4 Bc5 10.Nce2 Bb4 11.c3 Be7 12.Nb3 Qc7 13.Ned4 Nxd4 14.Bxd4 Nc5 15.Nxc5 Bxc5
16.Qe3 Bxd4 17.Qxd4 Bd7 18.a4 Rc8 19.Be2 O-O 20.O-O Qc5 21.Qf2 Qxf2+ 22.Rxf2 Rc5
23.Rf3 Rfc8 24.Bd3 g6 25.a5 Bc6 26.Rf2 Bd7 27.Rd2 Be8 28.Be2 Bb5 29.Kf2 Kg7
30.Bf3 Rc4 31.Ke3 R8c5 32.g3 Rc7 33.Rd4 Rxd4 34.Kxd4 Rc4+ 35.Ke3 h6 36.Kd2 Rc7
37.b3 Re7 38.Ke3 Rc7 39.Kd4 Kf8 40.Rc1 Ke7 41.c4 Kd7 42.Rc3 dxc4 43.bxc4 Bc6
44.Be2 Kc8 45.Rb3 Rd7+ 46.Kc3 Kc7  1/2-1/2

[Event "CRO-chT"]
[Site "Tucepi"]
[Date "1996.??.??"]
[Round "?"]
[White "Roschina, Tatiana"]
[Black "Macek, Vlasta"]
[Result "1/2-1/2"]
[WhiteElo "2315"]
[BlackElo "2250"]

1.e4 e6 2.d4 d5 3.Nc3 Nf6 4.e5 Nfd7 5.f4 c5 6.Nf3 Nc6 7.Be3 a6 8.Qd2 b5 9.Bd3 Qb6
10.Qf2 cxd4 11.Nxd4 Nxd4 12.Bxd4 Bc5 13.Ne2 Bxd4 14.Nxd4 Nc5  1/2-1/2

[Event "Tuebingen-ch55"]
[Site "Tuebingen"]
[Date "1996.??.??"]
[Round "?"]
[White "Koppenhoefer, Bernhard"]
[Black "Newen, Rosi"]
[Result "1-0"]
[WhiteElo "2050"]
[BlackElo "1630"]

1.d4 Nf6 2.Nc3 e6 3.e4 d5 4.e5 Nfd7 5.f4 c5 6.Nf3 Nc6 7.Be3 cxd4 8.Nxd4 a6
9.Nb3 b5 10.a4 b4 11.Ne2 Bb7 12.Ned4 Nxd4 13.Bxd4 Rc8 14.Bd3 Nc5 15.Nxc5 Bxc5
16.Bxc5 Rxc5 17.O-O g6 18.Qd2 Qc7 19.Qxb4 O-O 20.a5 Qc6 21.Rf2 Rb8 22.Ra3 Rc8
23.Rb3 Rc7 24.Qd2 Qa4 25.Ra3 Qc6 26.b4 Rc3 27.Rxc3 Qxc3 28.Qxc3 Rxc3 29.Rf1 Ra3
30.Rb1 Kf8 31.Kf2 Ke7 32.Ke3 Kd8 33.g4 h6 34.h4 Ke7 35.Kd4 Kd7 36.Rh1 Ra4
37.Kc3 d4+ 38.Kb3 Rxb4+ 39.Kxb4 Bxh1 40.Bxa6 Bd5 41.Kc5 Be4 42.Bd3 Bd5 43.Bb5+ Kc7
44.Kxd4 Bf3 45.g5 hxg5 46.fxg5 Kd8 47.Kc5  1-0

[Event "UKR-ch (Women)"]
[Site "UKR"]
[Date "1996.??.??"]
[Round "2"]
[White "Skripchenko, Almira"]
[Black "Zaitseva, Ludmila G"]
[Result "1-0"]
[WhiteElo "2390"]
[BlackElo "2325"]

1.e4 e6 2.d4 d5 3.Nc3 Nf6 4.e5 Nfd7 5.f4 c5 6.Nf3 f5 7.exf6 Qxf6 8.Be3 Bd6
9.Qd2 a6 10.g3 Nc6 11.Bg2 c4 12.O-O Ne7 13.Rae1 O-O 14.Bf2 Rd8 15.Re2 Nf8
16.Na4 b5 17.Nb6 Rb8 18.Nxc8 Rdxc8 19.Rfe1 h6 20.Ne5 b4 21.Nd7 Qf5 22.Nxf8 c3
23.Qd1 Kxf8 24.b3 Rd8 25.Rxe6 Rb7 26.Bf1 a5 27.Bd3 Qf7 28.Qf3 Ra7 29.f5 Kg8
30.f6 Nc8 31.Qxd5 gxf6 32.Re8+  1-0

[Event "UKR-ch (Women)"]
[Site "UKR"]
[Date "1996.??.??"]
[Round "4"]
[White "Gaponenko, Inna"]
[Black "Zaitseva, Ludmila G"]
[Result "0-1"]
[WhiteElo "2390"]
[BlackElo "2325"]

1.e4 e6 2.d4 d5 3.Nc3 Nf6 4.e5 Nfd7 5.f4 c5 6.Nf3 Nc6 7.Be3 a6 8.Qd2 b5 9.dxc5 Bxc5
10.Bxc5 Nxc5 11.Qf2 Qb6 12.Bd3 b4 13.Ne2 a5 14.O-O Ba6 15.Kh1 Ne7 16.Rad1 Bxd3
17.cxd3 Nd7 18.Ned4 Rc8 19.Qg3 O-O 20.Rc1 Nc5 21.f5 exf5 22.Nh4 f4 23.Qg5 Nxd3
24.Rxc8 Rxc8 25.Nhf5 Nxf5 26.Qxf5 Qa6 27.e6 fxe6 28.Nxe6 Nc5 29.Re1 Nxe6
30.h3 Rc6 31.Qxd5 Rd6 32.Qe5 Qc6 33.Re4 g6 34.b3 Kf7 35.Rc4 Rd1+ 36.Kh2 Qb6  0-1

[Event "Velden op"]
[Site "Velden"]
[Date "1996.??.??"]
[Round "1"]
[White "Lau, Ralf"]
[Black "Kaminik, Aleksandar"]
[Result "1-0"]
[WhiteElo "2510"]
[BlackElo "2280"]

1.e4 e6 2.d4 d5 3.Nc3 Nf6 4.e5 Nfd7 5.Nce2 c5 6.c3 Nc6 7.Nf3 Qb6 8.a3 a5
9.g3 a4 10.Bg2 Ra7 11.O-O Na5 12.Rb1 Nb3 13.Be3 c4 14.g4 Be7 15.Ng3 O-O 16.Qc2 Qd8
17.h3 b5 18.Nh2 f6 19.exf6 Nxf6 20.f4 Bd7 21.Nf3 Rc7 22.Rbe1 Be8 23.f5 Bd6
24.Ne5 Nc5 25.Bf4 exf5 26.dxc5 Bxc5+ 27.Kh1 fxg4 28.Nxg4 Bg6 29.Bxc7 Qxc7
30.Nxf6+ Kh8 31.Nfe4 Rd8 32.Nf5 dxe4 33.Qxe4 Ba7 34.Qe7  1-0

[Event "Carl Schlechter mem"]
[Site "Vienna"]
[Date "1996.??.??"]
[Round "1"]
[White "Lau, Ralf"]
[Black "Spindelboeck, Gernot"]
[Result "1-0"]
[WhiteElo "2510"]
[BlackElo "2260"]

1.e4 e6 2.d4 d5 3.Nc3 Nf6 4.e5 Nfd7 5.Nce2 c5 6.c3 Nc6 7.Nf3 b5 8.a3 b4 9.axb4 cxb4
10.Nf4 Be7 11.Bd3 Rb8 12.h4 bxc3 13.bxc3 Qc7 14.O-O Nb6 15.Ng5 g6 16.Qf3 Nd8
17.g3 Bd7 18.Ba3 Bc6 19.Bd6 Bxd6 20.exd6 Qxd6 21.Rxa7 Rb7 22.Rxb7 Bxb7 23.Re1 O-O
24.h5 Qe7 25.hxg6 fxg6 26.Qg4 Rf6 27.Re3 Bc8 28.Qh4 Qg7 29.Nxh7 Rxf4 30.Qxd8+ Rf8
31.Qxf8+ Qxf8 32.Nxf8  1-0

[Event "Carl Schlechter mem"]
[Site "Vienna"]
[Date "1996.??.??"]
[Round "2"]
[White "Groszpeter, Attila"]
[Black "Meszaros, Gyula"]
[Result "1-0"]
[WhiteElo "2545"]
[BlackElo "2300"]

1.e4 e6 2.d4 d5 3.Nc3 Nf6 4.e5 Nfd7 5.f4 c5 6.Nf3 Nc6 7.Be3 Be7 8.dxc5 Nxc5
9.Be2 O-O 10.O-O f6 11.exf6 Rxf6 12.Qd2 b6 13.Nd4 Bb7 14.Nxc6 Bxc6 15.Bd4 Rf8
16.Bg4 Bd7 17.Qe2 Qc8 18.Nxd5 Bd6 19.Nc3 Rxf4 20.Rxf4 Bxf4 21.Bf3 Bc6 22.Rf1 Bxf3
23.Qxf3 Bh6 24.Qf7+ Kh8 25.Nb5 a6 26.Nd6 Qd8 27.Bxc5 bxc5 28.Qxe6  1-0

[Event "Vienna op"]
[Site "Vienna"]
[Date "1996.??.??"]
[Round "8"]
[White "Blatny, Pavel"]
[Black "Glek, Igor V"]
[Result "1-0"]
[WhiteElo "2490"]
[BlackElo "2670"]

1.e4 e6 2.d4 d5 3.Nc3 Nf6 4.e5 Nfd7 5.f4 c5 6.Nf3 Nc6 7.Be3 a6 8.Qd2 b5 9.dxc5 Bxc5
10.Bxc5 Nxc5 11.Qf2 Qb6 12.Bd3 b4 13.Ne2 a5 14.O-O Ba6 15.Kh1 Ne7 16.Ng3 Na4
17.Nd4 g6 18.Rae1 Nxb2 19.Bxa6 Rxa6 20.f5 exf5 21.e6 f6 22.Qf4 g5 23.Qd2 Nc4
24.Qd1 f4 25.Ngf5 Ne5 26.Qh5+ N7g6 27.Qh6 Ra7 28.h3 Kd8 29.h4 f3 30.hxg5 Ng4
31.Qh5 Nf4 32.Qxg4 fxg2+ 33.Kh2 gxf1=Q 34.Rxf1 Nxe6 35.gxf6 Nxd4 36.Nxd4 Qd6+
37.Kh1 Rd7 38.f7 Qh6+ 39.Kg2 Rd6 40.Qg8+ Qf8 41.Qg5+ Kd7 42.Qf5+ Kd8 43.Ne6+ Rxe6
44.Qxe6 Qg7+ 45.Kh1 Rf8 46.Rf6 Qg3 47.Qxd5+ Ke7 48.Re6+  1-0

[Event "Siembra Villa Ballester op"]
[Site "Villa Ballester"]
[Date "1996.??.??"]
[Round "8"]
[White "Moreda, Lucas"]
[Black "Belmonte, Diego Mariano"]
[Result "0-1"]
[WhiteElo "2325"]
[BlackElo "2135"]

1.e4 e6 2.d4 d5 3.Nc3 Nf6 4.e5 Nfd7 5.f4 c5 6.Nf3 Nc6 7.Be3 cxd4 8.Nxd4 Bc5
9.Bb5 Qb6 10.Na4 Qa5+ 11.Bd2 Qc7 12.Nxc6 bxc6 13.Bd3 Be7 14.O-O c5 15.c4 d4
16.Rf3 Bb7 17.Rg3 g6 18.Qe2 Qc6 19.b3 h5 20.Nb2 O-O-O 21.a3 Rdg8 22.b4 Ba8
23.Nd1 Bh4 24.Rf3 g5 25.f5 g4 26.Rf4 Qc7 27.fxe6 fxe6 28.Be4 Qxe5 29.Qd3 Bg5
30.Bxa8 Bxf4 31.Bxf4 Qe1+ 32.Qf1 Qxf1+ 33.Kxf1 Rf8 34.Ke2 Rxf4 35.Nb2 Ne5
36.bxc5 Kc7 37.g3 Rf6 38.Be4 Rb8 39.Nd3 Nxd3 40.Kxd3 e5 41.Bh7 Kc6 42.Ke4 Kxc5
43.Kxe5 Rf3 44.Bg6 Rg8  0-1

[Event "Siembra Villa Ballester op"]
[Site "Villa Ballester"]
[Date "1996.??.??"]
[Round "9"]
[White "Escandell, Juan Carlos"]
[Black "Labollita, Martin"]
[Result "1-0"]
[WhiteElo "2255"]
[BlackElo "2165"]

1.e4 e6 2.d4 d5 3.Nc3 Nf6 4.e5 Nfd7 5.f4 c5 6.Nf3 Nc6 7.Be3 cxd4 8.Nxd4 Bc5
9.Qd2 O-O 10.O-O-O a6 11.h4 Bxd4 12.Bxd4 b5 13.h5 b4 14.Na4 Qa5 15.b3 Nxd4
16.Qxd4 Bb7 17.Kb1 Bc6 18.Nb2 Qc5 19.Rh3 a5 20.c3 Rfc8 21.Rc1 bxc3 22.Qxc5 Nxc5
23.Rhxc3 Ne4 24.Rxc6 Nd2+ 25.Kc2 Nxf1 26.Kd3 Rxc6 27.Rxc6 Ng3 28.Kd4 Nxh5
29.Nd3 Ng3 30.Kc5 Nf5 31.Kb6 h5 32.Kb7 Rf8 33.Ra6 Nh4 34.Rxa5 Nxg2 35.Ra8 Nxf4
36.Rxf8+ Kxf8 37.Nxf4 g5 38.Ne2 h4 39.a4 d4 40.Nxd4 h3  1-0

[Event "LTU-ch"]
[Site "Vilnius"]
[Date "1996.??.??"]
[Round "9"]
[White "Varnas, Vygantas"]
[Black "Grigutavicius, Dainius"]
[Result "1-0"]
[WhiteElo "2225"]
[BlackElo "2145"]

1.e4 e6 2.d4 d5 3.Nc3 Nf6 4.e5 Nfd7 5.f4 c5 6.Nf3 Nc6 7.Be3 cxd4 8.Nxd4 Qb6
9.Qd2 Qxb2 10.Rb1 Qa3 11.Bb5 Nxd4 12.Bxd4 Bb4 13.Rb3 Qa5 14.a3 Be7 15.Qe3 O-O
16.O-O Nc5 17.Bxc5 Bxc5 18.Qxc5 a6 19.f5 exf5 20.Nxd5 Be6 21.Ne7+ Kh8 22.Rh3 Qxb5
23.Qf2 Qc4 24.Rh4 Rad8 25.Rxc4 Bxc4 26.Re1 Rd7 27.Nxf5 Rfd8 28.Qg3 g6 29.Nd6 Be6
30.Qg5 Rxd6 31.exd6 Rxd6  1-0

[Event "Vlissingen op"]
[Site "Vlissingen"]
[Date "1996.??.??"]
[Round "4"]
[White "Riemersma, Liafbern"]
[Black "Barsov, Alexei"]
[Result "0-1"]
[WhiteElo "2435"]
[BlackElo "2475"]

1.e4 e6 2.d4 d5 3.Nc3 Nf6 4.e5 Nfd7 5.f4 c5 6.Nf3 a6 7.Be3 Qb6 8.Na4 Qc7
9.dxc5 Nxc5 10.Nxc5 Bxc5 11.Qd2 Bd7 12.O-O-O Bb5 13.Bxc5 Qxc5 14.f5 exf5
15.Nd4 Bd7 16.Qg5 O-O 17.Nxf5 Bxf5 18.Qxf5 Nc6 19.Bd3 g6 20.Qf4 Rac8 21.Rhe1 d4
22.e6 fxe6 23.Qh6 Ne5 24.Be4 Ng4 25.Qh4 Ne3 26.Rd2 e5 27.Bxb7 Rb8 28.Bf3 Rxb2  0-1

[Event "Wattens op"]
[Site "Wattens"]
[Date "1996.??.??"]
[Round "3"]
[White "Kranebitter, Gerhard"]
[Black "Thielen, Dankward"]
[Result "1/2-1/2"]
[WhiteElo "1840"]
[BlackElo "2135"]

1.e4 e6 2.d4 d5 3.Nc3 Nf6 4.e5 Nfd7 5.f4 c5 6.Nf3 Nc6 7.Be3 cxd4 8.Nxd4 Bc5
9.Qd2 O-O 10.Be2 a6 11.O-O-O Bxd4 12.Bxd4 b5 13.Bf3 Qa5 14.Kb1 b4 15.Ne2 Bb7
16.h4 Rfc8 17.h5 Qc7 18.h6 g6 19.g4 a5 20.Rh2 Ba6 21.Qe3 a4 22.Nc1 Rab8 23.Rf2 Bc4
24.b3 axb3 25.cxb3 Nxd4 26.Qxd4 Ba6 27.Bxd5 exd5 28.e6 Ne5 29.exf7+ Qxf7
30.fxe5 Qb7 31.e6 Rf8 32.Rxf8+ Rxf8 33.Qe5 Qe7 34.Rxd5 Bc8 35.Rc5 Bxe6 36.Nd3 Qd7
37.Kb2 Rf7 38.Qb8+ Rf8 39.Qe5 Rf7 40.Qb8+ Rf8 41.Qe5  1/2-1/2

[Event "Hoogovens-B"]
[Site "Wijk aan Zee"]
[Date "1996.??.??"]
[Round "11"]
[White "Nijboer, Friso"]
[Black "Kuijf, Marinus"]
[Result "1-0"]
[WhiteElo "2475"]
[BlackElo "2470"]

1.e4 e6 2.d4 d5 3.Nc3 Nf6 4.e5 Nfd7 5.f4 c5 6.Nf3 Nc6 7.Be3 cxd4 8.Nxd4 Qb6
9.Qd2 Qxb2 10.Rb1 Qa3 11.Bb5 Nxd4 12.Bxd4 Bb4 13.Rb3 Qa5 14.a3 Be7 15.f5 exf5
16.Nxd5 Bh4+ 17.Ke2 Qxd2+ 18.Kxd2 Bd8 19.Rg3 a6 20.Bxd7+ Bxd7 21.Rxg7 Be6
22.Nf4 Be7 23.g4 fxg4 24.Nxe6 fxe6 25.Rf1 Rd8 26.Ke3 Rd7 27.a4 Rc7 28.Kd3 Bd8
29.Rxc7 Bxc7 30.Rb1 b5 31.axb5 axb5 32.Rxb5 Kd7 33.Rb7 Kc6 34.Ra7 h5 35.Ra6+ Kd7
36.c4 Rc8 37.c5 Bb8 38.Kc4 h4 39.Kb5 Bc7 40.c6+ Ke7 41.Bc5+ Kf7 42.Bd6 Kg6
43.Bxc7 Rxc7 44.Kb6 Rc8 45.c7 Kf5 46.Ra4 Rg8 47.Rd4 g3 48.hxg3 hxg3 49.Rd8  1-0

[Event "Yalta op"]
[Site "Yalta"]
[Date "1996.??.??"]
[Round "4"]
[White "Kuzmin, Gennadi P"]
[Black "Shemeakin, Alexander"]
[Result "1-0"]
[WhiteElo "2535"]
[BlackElo "2290"]

1.e4 e6 2.d4 d5 3.Nc3 Nf6 4.e5 Nfd7 5.Nf3 c5 6.dxc5 Nc6 7.Bf4 Nxc5 8.a3 Be7
9.h4 a6 10.Bd3 Bd7 11.Rc1 Rc8 12.Rh3 Qb6 13.Rb1 Nxd3+ 14.Qxd3 Bc5 15.Qd2 Nd4
16.b4 Nxf3+ 17.Rxf3 Be7 18.Bg5 Qd8 19.Ne2 O-O 20.Bf6 Kh8 21.Qg5 Bxf6 22.exf6 gxf6
23.Rxf6 Rc4 24.Qh6 Bb5 25.Rb3 Rg4 26.Nf4 Rg7 27.Rg3 Rfg8 28.Rxg7 Rxg7 29.Nh5 Qg8
30.Nxg7 Qxg7 31.Qf4 Qxg2 32.Rxf7 Qf1+ 33.Kd2 Qe2+ 34.Kc1  1-0

[Event "Yalta op (Women)"]
[Site "Yalta"]
[Date "1996.??.??"]
[Round "6"]
[White "Kulish, Irina"]
[Black "Zatonskih, Anna"]
[Result "1/2-1/2"]
[WhiteElo "2260"]
[BlackElo "2220"]

1.e4 e6 2.d4 d5 3.Nc3 Nf6 4.e5 Nfd7 5.f4 c5 6.Nf3 Nc6 7.Be3 Qb6 8.Na4 Qa5+
9.c3 c4 10.b4 Qc7 11.Be2 Be7 12.O-O f5 13.h3 Nf8 14.g4 b6 15.gxf5 exf5 16.Kh2 Be6
17.Rg1 g6 18.Nb2 O-O-O 19.Qc2 Rd7 20.Rg2 Bd8 21.Rd1 Kb8 22.Kg1 h6  1/2-1/2

[Event "Yerevan ol (Men)"]
[Site "Yerevan"]
[Date "1996.??.??"]
[Round "2"]
[White "Cutter, Paul"]
[Black "Berlinsky, Vladimir"]
[Result "0-1"]
[WhiteElo "2205"]
[BlackElo "2255"]

1.e4 e6 2.d4 d5 3.Nc3 Nf6 4.e5 Nfd7 5.Nce2 c5 6.c3 Nc6 7.f4 cxd4 8.cxd4 Nb6
9.Nf3 a5 10.Ng3 a4 11.Bb5 g6 12.O-O Bd7 13.Qe2 h5 14.Be3 a3 15.b3 Nc8 16.Nh1 N8a7
17.Bd3 Nb4 18.Nf2 Nxd3 19.Nxd3 Bb5 20.Rfc1 Nc6 21.Qd2 Bxd3 22.Qxd3 Qb6 23.Bd2 Be7
24.Rab1 Bb4 25.Bxb4 Nxb4 26.Qd2 Kd7 27.Rc3 Rhc8 28.Rbc1 Rc6 29.Kf2 Rac8 30.Rxc6 Rxc6
31.Rxc6 bxc6 32.Ke3 c5 33.dxc5 Qxc5+ 34.Nd4 Nxa2 35.Qxa2 Qc3+ 36.Ke2 Qb2+  0-1

[Event "Yerevan ol (Women)"]
[Site "Yerevan"]
[Date "1996.??.??"]
[Round "2"]
[White "Meijere, Agnese"]
[Black "Matveeva, Svetlana"]
[Result "0-1"]
[WhiteElo "2210"]
[BlackElo "2470"]

1.e4 e6 2.d4 d5 3.Nc3 Nf6 4.e5 Nfd7 5.Nce2 c5 6.c3 cxd4 7.cxd4 Bb4+ 8.Bd2 Qb6
9.Nf3 Nc6 10.g3 f6 11.Bh3 fxe5 12.Bxe6 e4 13.Ng5 Nf6 14.O-O Bxd2 15.Qxd2 Nd8
16.Bxc8 Rxc8 17.Rac1 Rxc1 18.Rxc1 O-O 19.Rc5 h6 20.Nh3 Ne6 21.Rc3 g5 22.Rb3 Qc7
23.Ra3 a6 24.Rc3 Qd7 25.Kg2 Ne8 26.b3 Nd6 27.a4 Nf5 28.Rc1 Qf7 29.Rd1 Nh4+
30.gxh4 Qf3+ 31.Kg1 Qxh3 32.Qe3 Rf3  0-1

[Event "Yerevan ol (Women)"]
[Site "Yerevan"]
[Date "1996.??.??"]
[Round "3"]
[White "Kouwenhoven, Marisca"]
[Black "Pitam, Ela"]
[Result "1/2-1/2"]
[WhiteElo "2120"]
[BlackElo "2255"]

1.e4 e6 2.d4 d5 3.Nc3 Nf6 4.e5 Nfd7 5.f4 c5 6.Nf3 Nc6 7.Be3 a6 8.Qd2 cxd4
9.Nxd4 Bc5 10.O-O-O Nxd4 11.Bxd4 b5 12.h4 Bb7 13.Rh3 Rc8 14.Kb1 Qe7 15.g4 h5
16.Qg2 Bxd4 17.Rxd4 Qc5 18.Rd2 b4 19.Nd1 hxg4 20.Qxg4 g6 21.h5 gxh5 22.Rxh5 Rxh5
23.Qxh5 d4 24.Bd3 Bd5 25.Rh2 a5 26.Nf2 a4 27.Ne4 Bxe4 28.Bxe4 b3 29.axb3 axb3
30.Qd1 Rc7 31.cxb3 Ra7 32.Rc2 Qa5 33.Rc8+ Ke7 34.Qxd4 Qe1+ 35.Rc1 Ra1+ 36.Kxa1 Qxc1+
37.Ka2 Qc7 38.b4 Nb6 39.Qc5+ Qxc5 40.bxc5 Na4 41.c6 Kd8 42.Bf3 Nc5 43.b4 Nd3
44.Kb3 Nxf4 45.Kc4 Kc7 46.b5 Kb6 47.Kd4 Ng6 48.Bh5 Ne7 49.Kc4 Nd5 50.Be2 Ne3+
51.Kd4 Nf5+ 52.Ke4 Ne7 53.Bd3 Ng6 54.Kd4 Ne7 55.Ke3 Kc5 56.Ke4 Nd5 57.Bf1 Ne7
58.Be2 Kb6 59.Kd4 Nf5+ 60.Kc4 Ne7 61.Bd3 Nd5 62.Kb3 f6 63.exf6 Nxf6 64.Kc4 Nd5
65.Kd4 Ne7 66.Ke5  1/2-1/2

[Event "Yerevan ol (Men)"]
[Site "Yerevan"]
[Date "1996.??.??"]
[Round "3"]
[White "Kveinys, Aloyzas"]
[Black "Zueger, Beat"]
[Result "1/2-1/2"]
[WhiteElo "2530"]
[BlackElo "2460"]

1.e4 e6 2.d4 d5 3.Nc3 Nf6 4.e5 Nfd7 5.f4 c5 6.Nf3 Nc6 7.Be3 cxd4 8.Nxd4 Qb6
9.a3 Bc5 10.Na4 Qa5+ 11.c3 Bxd4 12.Bxd4 Nxd4 13.Qxd4 b6 14.Qb4 Bb7 15.Bb5 Rc8
16.Qxa5 bxa5 17.Bxd7+ Kxd7 18.O-O-O Rc4 19.Rd4 Rhc8 20.Kb1 Ke7 21.b3 R4c7
22.Kb2 Ba6 23.b4 Bc4 24.Nc5 h5 25.Re1 g6 26.Kc2 Rc6 27.Ra1 R6c7 28.Kd2 Rg8
29.Ke3 Rgc8 30.Rd2 Rg8 31.Rf2 Rb8 32.Kd4 Rbc8 33.g3 Rb8 34.h3 Rh8 35.Rg1 Bb5
36.Rb2 a4 37.Rf2 Rcc8 38.Rgg2 Rb8 39.Rh2 Rh7 40.Rd2 Rc8 41.Ke3 Rb8 42.Kd4 Rc8
43.Rd1 Rb8 44.Rf2 Rc8 45.Rg1 Rb8 46.Rd2 Rc8 47.Rc1 Rc7 48.c4 dxc4 49.h4 Rh8
50.Kc3 a5 51.Rd6 Rb8 52.Ra6 axb4+ 53.axb4 Bxa6 54.Nxa6 Rcb7 55.Nxb8 Rxb8
56.Ra1 Ra8 57.Kxc4 Rc8+ 58.Kd4 Ra8 59.Ra3 Kd7 60.b5 Kc7 61.Kc5 Ra5 62.Rc3 Kb7
63.Kb4 Ra8 64.Ra3 Rd8 65.Kxa4 Kb6 66.Kb4 Rd4+ 67.Kc3 Rd1 68.Ra6+ Kxb5 69.Ra7 Rg1
70.Rxf7 Rxg3+ 71.Kd4 Ra3 72.Rf6  1/2-1/2

[Event "Yerevan ol (Men)"]
[Site "Yerevan"]
[Date "1996.??.??"]
[Round "5"]
[White "Franzoni, Giancarlo"]
[Black "Elbilia, Jacques"]
[Result "1-0"]
[WhiteElo "2460"]
[BlackElo "2350"]

1.e4 e6 2.Nc3 d5 3.d4 Nf6 4.e5 Nfd7 5.f4 c5 6.Nf3 Nc6 7.Be3 a6 8.Qd2 b5 9.dxc5 Bxc5
10.Bxc5 Nxc5 11.Qf2 Qb6 12.Bd3 b4 13.Ne2 a5 14.O-O Ba6 15.Rfd1 Bxd3 16.cxd3 Na4
17.Qxb6 Nxb6 18.Kf2 Kd7 19.Ke3 Rhc8 20.Ned4 Nxd4 21.Nxd4 Na4 22.Rab1 Rab8
23.Kd2 Rb7 24.Rdc1 Rxc1 25.Kxc1 Nc5 26.Kc2 a4 27.Kd2 b3 28.a3 Na6 29.Rc1 Rc7
30.Rxc7+ Kxc7 31.Ne2 Kb6 32.Ke3 Nc7 33.Nc3 Ka5 34.Nb1 Nb5 35.d4 Kb6 36.Kd3 Kc6
37.g3 h5 38.h3 g6 39.g4 hxg4 40.hxg4 Kb6 41.Nd2 Kc6 42.Nf3 Kd7 43.Ng1 Kc6
44.Ne2 Kb6 45.Ng3 Kc6 46.Nf1 Kd7 47.Ne3 Kc6 48.Nd1 Kb6 49.Nf2 Kc7 50.Nh3 Kd7
51.Ng1 Kc6 52.Ne2 Kb6 53.Ke3 Kc6 54.f5 gxf5 55.gxf5 Kd7 56.f6 Kc7 57.Kd3 Kc6
58.Kd2 Kd7 59.Ke3 Kc7 60.Kf4 Kd7 61.Ke3 Kc6 62.Kd3 Kb6 63.Nf4 Nc7 64.Nh3  1-0

[Event "Yerevan ol (Women)"]
[Site "Yerevan"]
[Date "1996.??.??"]
[Round "6"]
[White "Gaponenko, Inna"]
[Black "Hoang Than Trang"]
[Result "1/2-1/2"]
[WhiteElo "2340"]
[BlackElo "2360"]

1.e4 e6 2.d4 d5 3.Nc3 Nf6 4.e5 Nfd7 5.f4 c5 6.Nf3 Nc6 7.Be3 cxd4 8.Nxd4 Bc5
9.Qd2 O-O 10.O-O-O a6 11.h4 Qc7 12.Kb1 Bxd4 13.Bxd4 b5 14.Rh3 b4 15.Na4 a5
16.Bg1 Rd8 17.Bd3 Ba6 18.h5 Bxd3 19.Rxd3 Na7 20.Rg3 Nb5 21.Qe2 Rdc8 22.Rc1 Rab8
23.Qg4 g6 24.hxg6 hxg6 25.Qh4 Kg7 26.Qe7 Qd8 27.Qxd8  1/2-1/2

[Event "Yerevan ol (Men)"]
[Site "Yerevan"]
[Date "1996.??.??"]
[Round "12"]
[White "Kobese, Watu"]
[Black "Faraj, Yahya"]
[Result "1-0"]
[WhiteElo "2280"]
[BlackElo "2280"]

1.e4 e6 2.d4 d5 3.Nc3 Nf6 4.e5 Nfd7 5.f4 c5 6.Nf3 Nc6 7.Be3 a6 8.Qd2 b5 9.dxc5 Bxc5
10.Bxc5 Nxc5 11.Bd3 b4 12.Ne2 Qb6 13.Ng3 g6 14.h4 h5 15.Nf1 a5 16.Ne3 Ba6
17.Ng5 Nxd3+ 18.cxd3 Qd4 19.Ke2 Ra7 20.g3 Qb6 21.Kf2 Ke7 22.Rac1 Rc7 23.d4 Rhc8
24.Nf3 a4 25.g4 b3 26.a3 hxg4 27.Nxg4 Na5 28.Ne3 Nc4 29.Nxc4 Rxc4 30.Rxc4 Rxc4
31.Rc1 Qb5 32.Rxc4 dxc4 33.Ng5 Bb7 34.Ke3 Ke8 35.Nh7 Qc6 36.Nf6+ Kd8 37.Qa5+ Kc8
38.d5 exd5 39.Kd4 Qc7 40.Qxc7+ Kxc7 41.Ne8+ Kd8 42.Nd6 Bc8 43.Nxf7+ Ke7 44.Nd6 Bd7
45.Kc3 Ke6 46.Kb4 Bc6 47.Nc8 Bb5 48.Nb6 Bc6 49.Nxa4 Kf5 50.Nb6 Kxf4 51.e6 Ke5
52.Kc5 Be8 53.Nxd5 Kxe6 54.Kxc4 Kf5 55.Kd4 Bb5 56.Ne7+ Kf6 57.Nc8 Bc6 58.Nd6 Ke6
59.Nc4 Kf5 60.Kc3 Bh1 61.Kxb3 Kg4 62.Ne5+ Kf5 63.Nd3 Bd5+ 64.Kc3 Kg4 65.Ne5+ Kf5
66.Kd4 Bb3 67.Nd7 Kg4 68.Nf8 Bc2 69.b4 Kxh4 70.b5 Ba4 71.b6 Bc6 72.Nxg6+ Kg5
73.Ne5 Bb7 74.Nf7+ Kf6 75.Nd6 Bc6 76.b7 Bxb7 77.Nxb7 Ke7 78.Kc5 Kd7 79.Kb6 Kc8
80.a4 Kb8  1-0

[Event "Yerevan ol (Women)"]
[Site "Yerevan"]
[Date "1996.??.??"]
[Round "13"]
[White "Leger, Manon"]
[Black "Horvath, Maria"]
[Result "0-1"]
[WhiteElo "2090"]
[BlackElo "2040"]

1.e4 e6 2.d4 d5 3.Nc3 Nf6 4.e5 Nfd7 5.Nf3 c5 6.Bf4 a6 7.Ne2 Qb6 8.Rb1 Qa5+
9.Bd2 Qc7 10.c3 Nc6 11.g3 b5 12.Bg2 a5 13.O-O Ba6 14.Re1 b4 15.Be3 Nb6 16.Nf4 Bb5
17.Ng5 Nd8 18.Qh5 g6 19.Qf3 h6 20.Nxg6 fxg6 21.Qf6 Qg7 22.Nf7 Qxf6 23.Nd6+ Bxd6
24.exf6 c4 25.Bd2 Kf7 26.Re3 Kxf6 27.Rbe1 Ra7 28.Bh3 Re7 29.cxb4 axb4 30.a3 bxa3
31.bxa3 Ba4 32.Ba5 Bc7 33.Bb4 Rd7  0-1

[Event "Zalakaros op"]
[Site "Zalakaros"]
[Date "1996.??.??"]
[Round "3"]
[White "Pugachov, Alexey"]
[Black "Kaukal, Terezia"]
[Result "1-0"]
[WhiteElo "2445"]
[BlackElo "2150"]

1.e4 e6 2.d4 d5 3.Nc3 Nf6 4.e5 Nfd7 5.f4 c5 6.Nf3 Nc6 7.Be3 a6 8.Qd2 b5 9.Bd3 Qb6
10.dxc5 Bxc5 11.Nd1 Rb8 12.O-O b4 13.Kh1 a5 14.Qe1 Ba6 15.Bd2 Bxd3 16.cxd3 Nd4
17.Nxd4 Bxd4 18.Be3 O-O 19.Rf3 Rfc8 20.Qf2 Bxe3 21.Nxe3 Nc5 22.Rd1 Rc6 23.f5 exf5
24.Nxf5 Rb7 25.Nd6 Rxd6 26.exd6 Qxd6 27.Rc1 Rc7 28.Qe3 Ne6 29.Rff1 d4 30.Qe4 Rxc1
31.Rxc1 g6 32.Qa8+ Kg7 33.Qxa5 Qf4 34.Re1 Qd2 35.Qe5+ Kg8 36.Qe2 Qg5 37.Rf1 Nf4
38.Qf3  1-0

[Event "ESP-ch"]
[Site "Zamora"]
[Date "1996.??.??"]
[Round "9"]
[White "Durban Piera, Joan"]
[Black "Cisneros, Lucas"]
[Result "1-0"]
[WhiteElo "2245"]
[BlackElo "2310"]

1.e4 e6 2.d4 d5 3.Nc3 Nf6 4.e5 Nfd7 5.f4 c5 6.Nf3 Nc6 7.Be3 Qb6 8.Na4 Qa5+
9.c3 c4 10.b4 Qc7 11.g4 Be7 12.Bg2 b6 13.O-O Bb7 14.f5 O-O-O 15.b5 Ncb8 16.fxe6 fxe6
17.Bg5 Rde8 18.Bxe7 Rxe7 19.Ng5 Nf8 20.Qf3 Nbd7 21.Nf7 Rg8 22.Nd6+ Kb8 23.Nb2 Ng6
24.Qh3 Ndxe5 25.dxe5 Qc5+ 26.Kh1 Nxe5 27.Nxb7 Kxb7 28.Rae1 Nd7 29.Qxh7 Rge8
30.a4 Nf6 31.Qh4 Kc8 32.g5 Nd7 33.Qd4 Qc7 34.Rf3 Qc5 35.Rfe3 Qxd4 36.cxd4 Kc7
37.Bxd5 Kd6 38.Bxc4 e5 39.Bd3 Kd5 40.Bg6 Rf8 41.dxe5 Nxe5 42.Nd3  1-0